| 000 | 00603nam a22002057a 4500 | ||
|---|---|---|---|
| 003 | koha_MIRAKIL | ||
| 005 | 20260416103729.0 | ||
| 008 | 260416b tur||||| |||| 00| 0 tur d | ||
| 020 | _a9786254073038 | ||
| 040 |
_aTR-IsEVY _btur _cTR-IsEVY |
||
| 041 | _atur | ||
| 082 | _aFIC DUM/S | ||
| 100 | 1 | _aDumas, Alexandre | |
| 245 | 0 |
_aSon şövalye / _cAlexandre Dumas. |
|
| 260 |
_aİstanbul : _bDorlion Yayınları, _c2021. |
||
| 300 |
_a100 s. : _bresimli ; _c19 cm. |
||
| 490 | 0 | _aDünya Çocuk Klasikleri. | |
| 650 |
_aÇocuk Edebiyatı. _vÇocuk Romanları. _vÇocuk Klasikleri. |
||
| 942 |
_2ddc _cBK |
||
| 999 |
_c23500 _d23500 |
||